| 000 -LEADER |
| fixed length control field |
01552nam a22002417a 4500 |
| 003 - CONTROL NUMBER IDENTIFIER |
| control field |
OSt |
| 005 - DATE AND TIME OF LATEST TRANSACTION |
| control field |
20180905080839.0 |
| 008 - FIXED-LENGTH DATA ELEMENTS--GENERAL INFORMATION |
| fixed length control field |
180220b xxu||||| |||| 00| 0 spa d |
| 020 ## - INTERNATIONAL STANDARD BOOK NUMBER |
| International Standard Book Number |
9507274200 |
| 040 ## - CATALOGING SOURCE |
| Transcribing agency |
PJ |
| 100 ## - ASIENTO PRINCIPAL - NOMBRE DE PERSONA |
| 9 (RLIN) |
2040 |
| Personal name |
Peralta Mariscal, Leopoldo L. |
| 245 10 - MENCIÓN DE TÍTULO |
| Título propiamente dicho |
Juicio hipotecario / |
| Mención de responsabilidad, etc |
Leopoldo L. Peralta Mariscal; prólogo de Julio César Rivera. |
| 260 ## - PUBLICATION, DISTRIBUTION, ETC. (IMPRINT) |
| Place of publication, distribution, etc |
Buenos Aires : |
| Date of publication, distribution, etc |
Rubinzal - Culzoni, |
| Name of publisher, distributor, etc |
2002. |
| 300 ## - DESCRIPCION FISICA |
| Extent |
637 p. |
| Dimensions |
23 cm. |
| 504 ## - NOTA DE BIBLIOGRAFÍA, ETC. |
| Bibliography, etc |
Bibliografía: p. 611-616. |
| 505 ## - FORMATTED CONTENTS NOTE |
| Formatted contents note |
Contenido:<br/>Breve acercamiento al derecho real de hipoteca -- El título ejecutivo hipotecario -- Competencia -- Inicio de juicio hipotecario -- Modificación de la pretensión ejecutante -- Intervención de la parte ejecutada -- Excepciones -- Sentencia -- Régimen de los intereses -- Cumplimiento de la sentencia -- El Privilegio del acreedor hipotecario y su efectivización en la ejecución -- Ejecución contra el tercer adquirente y el tercer poseedor del inmueble hipotecado -- Ejecución de la hipoteca constituida por condómino -- Regimén de los honorarios profesionales de los letrados intervinientes en el juicio hipotecario -- Régimen recursivo en el juicio hipotecario -- La ejecución hipotecaria y el concurso o quiebra del deudor -- Pagarés y letras hipotecarias. |
| 650 #0 - ASIENTO SECUNDARIO DE MATERIA - TERMINO TEMATICO |
| 9 (RLIN) |
1148 |
| Topical term or geographic name as entry element |
DERECHO PROCESAL CIVIL |
| 650 #0 - ASIENTO SECUNDARIO DE MATERIA - TERMINO TEMATICO |
| 9 (RLIN) |
1953 |
| Topical term or geographic name as entry element |
PROCEDIMIENTO CIVIL |
| 650 #0 - ASIENTO SECUNDARIO DE MATERIA - TERMINO TEMATICO |
| 9 (RLIN) |
2024 |
| Topical term or geographic name as entry element |
PROCESOS ESPECIALES |
| 650 #0 - ASIENTO SECUNDARIO DE MATERIA - TERMINO TEMATICO |
| 9 (RLIN) |
1819 |
| Topical term or geographic name as entry element |
HIPOTECA |
| 700 ## - ADDED ENTRY--PERSONAL NAME |
| 9 (RLIN) |
1330 |
| Personal name |
Rivera, Julio César |
| Relator term |
prologuista |
| 942 ## - ADDED ENTRY ELEMENTS (KOHA) |
| Source of classification or shelving scheme |
|
| Koha item type |
Libros |
| Classification part |
347.952 |
| Item part |
PER |